{"text_format":"2","workbook":"xlsx","n_sheets":9,"sheets":["ORÇAMENTO","COMPOSIÇÕES UNITARIAS","Levantamento Planialtimetrico","Poligonal","Cronograma","BDI","Enc Sociais","CPU VEICULO","INSUMOS"],"not_rendered":{"charts":0,"images":1,"macros":0,"external_links":0,"defined_names":742,"comments":0,"pivot_tables":0},"unopened":[],"bounds":{"document_bytes":16777216,"sheet_cells":100000,"run_cost":"one","rows_first":2000,"rows_last":500,"rows_between":2000,"halvings":0,"cell_chars":16384,"cell_head_chars":4096},"cells_cut":0,"cells_raw":0,"read":"whole","date_system":"1900"}

{"sheet":"ORÇAMENTO","index":0,"n_rows":26,"n_cols":7,"rows_kept":26,"cut":false,"hidden":false,"merged":[[20,1,20,5],[21,1,21,6],[25,1,25,6],[1,1,4,6],[5,1,6,6],[7,1,8,6],[9,1,10,6]]}
[]
[]
[]
[]
[]
[null,"ANEXO III - PLANILHA ORÇAMENTÁRIA_DESONERADA"]
[]
[null,"SERVIÇO: REALIZAÇÃO DE LEVANTAMENTOS TOPOGRÁFICOS PARA APOIO À FISCALIZAÇÃO CODEVASF."]
[]
[null,"LOCAL: DIVERSOS MUNICÍPIOS INSERIDOS DE ATUAÇÃO DA 3ª SUPERINTENDÊNCIA REGIONAL DA CODEVASF."]
[]
[]
[null,"Item","Descrição dos Serviços","Unidade","Quant.","Valor Unitário","Valor Total"]
[null,1,"Mobilização.","un",2,917.86,1835.72]
[null,2,"Administração local","un",1,21406.68,21406.68]
[null,3,"Equipe para cadastro de obras (As Built)","mês",12,88908.6,1066903.2]
[null,4,"Fornecimento de veículo 4x4 (diesel)","mês",24,6964.07,167137.68]
[null,5,"Levantamento de volumes de cortes e aterros, extraídos de levantamento planialtimétrico (por área), incluindo apresentação de pranchas com as seções transversais de corte e aterro, bem como planilha com a memória de cálculo dos volumes.","m²",3500000,0.23,805000]
[null,6,"Levantamento topográfico planialtimétrico cadastral, incluso eixos, seções transversais, longitudinais, calculo de volumes de terraplenagem e desenhos","m²",3500000,0.25,875000]
[null,7,"Desmobilização.","un",2,917.86,1835.72]
[null,"TOTAL GERAL R$",{"$nulls":4},2939119]
[null,"Base para orçamento: Tabela de Engenharia Consultiva CODEVASF 2020, SINAPI -AGOSTO/2021 e ORSE AGOSTO/2021"]
[]
[]
[]
[null,"Levantamento topografico realizado por equipe tecnica, conforme especificações descritas nos termos de referencia."]

{"sheet":"COMPOSIÇÕES UNITARIAS","index":1,"n_rows":130,"n_cols":9,"rows_kept":130,"cut":false,"hidden":false,"merged":[[128,3,128,7],[129,1,129,7],[1,1,4,8],[32,1,35,8],[64,1,67,8],[99,1,102,8],[119,1,119,8],[124,1,124,7],[125,1,125,7],[126,3,126,7],[127,1,127,7],[109,1,109,7],[110,1,110,8],[114,1,114,7],[115,1,115,8],[118,1,118,7],[103,3,103,8],[104,1,104,6],[104,7,104,8],[105,1,105,6],[106,1,106,8],[93,3,93,7],[94,1,94,7],[95,3,95,7],[96,1,96,7],[97,1,97,7],[83,1,83,8],[86,1,86,7],[87,1,87,8],[91,1,91,7],[92,1,92,7],[69,1,69,6],[70,1,70,8],[73,1,73,7],[74,1,74,8],[82,1,82,7],[58,3,58,7],[59,1,59,7],[60,3,60,7],[61,1,61,7],[68,1,68,6],[68,7,68,8],[48,1,48,8],[51,1,51,7],[52,1,52,8],[56,4,56,6],[57,1,57,7],[38,1,38,6],[39,1,39,8],[42,1,42,7],[43,1,43,8],[47,1,47,7],[29,3,29,7],[30,1,30,7],[36,3,36,8],[37,1,37,6],[37,7,37,8],[21,1,21,8],[25,4,25,6],[26,1,26,7],[27,3,27,7],[28,1,28,7],[11,1,11,7],[12,1,12,8],[16,1,16,7],[17,1,17,8],[20,1,20,7],[5,3,5,8],[6,1,6,6],[6,7,6,8],[7,1,7,6],[8,1,8,8]]}
[]
[]
[]
[]
[]
[null,"CODEVASF","01.03-A","COMPOSIÇÃO DE PREÇO UNITÁRIO"]
[null,"OBRA: APOIO A FISCALIZAÇÃO DE OBRAS DA 3º SUPERINTENDENCIA REGIONAL.",{"$nulls":5},"DATA: Outubro/2021"]
[null,"SERVIÇO: Mobilização de equipamentos, materiais e pessoal.",{"$nulls":5},"UNIDADE:","unid."]
[null,"EQUIPAMENTO"]
[null,"DISCRIMINAÇÃO","UNID","QUANT.","PROD","IMPROD","P.UNIT. PROD","P.UNIT. IMPR","P.TOTAL"]
[{"$nulls":8},0]
[null,"SUB-TOTAL",{"$nulls":6},0]
[null,"MATERIAL"]
[null,"DISCRIMINAÇÃO","UNID","QUANT.",null,null,null,"P.UNIT.","P.TOTAL"]
[null,"Passagem de ônibus da cidade de origem (Recife) para Petrolina.","unid.",4,null,null,null,178.99,715.96]
[{"$nulls":8},0]
[null,"SUB-TOTAL",{"$nulls":6},715.96]
[null,"SERVIÇOS - COMPOSIÇÕES AUXILIARES"]
[null,"DISCRIMINAÇÃO","UNID","QUANT.",null,null,null,"P.UNIT.","P.TOTAL"]
[{"$nulls":8},0]
[null,"SUB-TOTAL",{"$nulls":6},0]
[null,"MÃO DE OBRA"]
[null,"DISCRIMINAÇÃO","UNID","QUANT.",null,null,null,"P.UNIT.","P.TOTAL"]
[{"$nulls":8},0]
[{"$nulls":8},0]
[{"$nulls":4},"Leis Sociais:",null,null,0,0]
[null,"SUB-TOTAL",{"$nulls":6},0]
[null,"PRODUÇÃO DA EQUIPE",1,"CUSTO",{"$nulls":4},715.96]
[null,"TOTAL - R$",{"$nulls":6},715.96]
[null,"BDI",0.28199999999999997,{"$nulls":5},201.9]
[null,"TOTAL DO SERVIÇO - R$",{"$nulls":6},917.86]
[]
[]
[]
[]
[]
[null,"CODEVASF","01.03-B","COMPOSIÇÃO DE PREÇO UNITÁRIO"]
[null,"OBRA: APOIO A FISCALIZAÇÃO DE OBRAS DA 3º SUPERINTENDENCIA REGIONAL.",{"$nulls":5},"DATA: Outubro/2021"]
[null,"SERVIÇO : Desmobilização de equipamentos, materiais e pessoal.",{"$nulls":5},"UNIDADE:","unid."]
[null,"EQUIPAMENTO"]
[null,"DISCRIMINAÇÃO","UNID","QUANT.","PROD","IMPROD","P.UNIT. PROD","P.UNIT. IMPR","P.TOTAL"]
[{"$nulls":8},0]
[null,"SUB-TOTAL",{"$nulls":6},0]
[null,"MATERIAL"]
[null,"DISCRIMINAÇÃO","UNID","QUANT.",null,null,null,"P.UNIT.","P.TOTAL"]
[null,"Passagem de ônibus de Petrolina para cidade de origem (Recife).","unid.",4,null,null,null,178.99,715.96]
[{"$nulls":8},0]
[null,"SUB-TOTAL",{"$nulls":6},715.96]
[null,"SERVIÇOS - COMPOSIÇÕES AUXILIARES"]
[null,"DISCRIMINAÇÃO","UNID","QUANT.",null,null,null,"P.UNIT.","P.TOTAL"]
[{"$nulls":8},0]
[null,"SUB-TOTAL",{"$nulls":6},0]
[null,"MÃO DE OBRA"]
[null,"DISCRIMINAÇÃO","UNID","QUANT.",null,null,null,"P.UNIT.","P.TOTAL"]
[{"$nulls":8},0]
[{"$nulls":8},0]
[{"$nulls":4},"Leis Sociais:",null,null,0,0]
[null,"SUB-TOTAL",{"$nulls":6},0]
[null,"PRODUÇÃO DA EQUIPE",1,"CUSTO",{"$nulls":4},715.96]
[null,"TOTAL - R$",{"$nulls":6},715.96]
[null,"BDI",0.28199999999999997,{"$nulls":5},201.9]
[null,"TOTAL DO SERVIÇO - R$",{"$nulls":6},917.86]
[]
[]
[]
[]
[]
[]
[null,"OBRA: APOIO A FISCALIZAÇÃO DE OBRAS DA 3º SUPERINTENDENCIA REGIONAL.",{"$nulls":5},"DATA: Outubro/2021"]
[null,"SERVIÇO : Administração Local",{"$nulls":5},"UNIDADE:","unid."]
[null,"EQUIPAMENTO"]
[null,"DISCRIMINAÇÃO","UNID","QUANT.","PROD","IMPROD","P.UNIT. PROD","P.UNIT. IMPR","P.TOTAL"]
[]
[null,"SUB-TOTAL",{"$nulls":6},0]
[null,"MATERIAL"]
[null,"DISCRIMINAÇÃO","UNID","QUANT.",null,null,null,"P.UNIT.","P.TOTAL"]
[null,"Aluguel de Sala para escritório","mês",1,null,null,null,550,550]
[null,"Energia elétrica","kwh",600,null,null,null,"1,02",612]
[null,"Telefone - tarifa mensal","unid.",1,null,null,null,154.99,154.99]
[null,"Internet","mês",0.5,null,null,null,89,44.5]
[null,"Material de consumo desenho e escritório","mês",1,null,null,null,30,30]
[null,"Material de Limpeza"]
[null,"SUB-TOTAL",{"$nulls":6},1391.49]
[null,"SERVIÇOS - COMPOSIÇÕES AUXILIARES"]
[null,"DISCRIMINAÇÃO","UNID","QUANT.",null,null,null,"P.UNIT.","P.TOTAL"]
[{"$nulls":8},0]
[null,"SUB-TOTAL",{"$nulls":6},0]
[null,"MÃO DE OBRA"]
[null,"DISCRIMINAÇÃO","UNID","QUANT.",null,null,null,"P.UNIT.","P.TOTAL"]
[{"$nulls":8},0]
[]
[null,"SUB-TOTAL",{"$nulls":6},0]
[]
[null,"PRODUÇÃO DA EQUIPE",1,"CUSTO",{"$nulls":4},1391.49]
[null,"TOTAL - R$",{"$nulls":6},1391.49]
[null,"BDI",0.28199999999999997,{"$nulls":5},392.4]
[null,"TOTAL DO SERVIÇO - R$",{"$nulls":6},1783.89]
[null,"TOTAL DO SERVIÇO PARA 12 MESES - R$",{"$nulls":6},21406.68]
[]
[]
[]
[]
[]
[null,"CODEVASF","01.04-A","COMPOSIÇÃO DE PREÇO UNITÁRIO"]
[null,"OBRA: APOIO A FISCALIZAÇÃO DE OBRAS DA 3º SUPERINTENDENCIA REGIONAL.",{"$nulls":5},"DATA: Outubro/2021"]
[null,"SERVIÇO:Equipe para cadastro de obras (As Built)",{"$nulls":5},"UNIDADE:","mês"]
[null,"EQUIPAMENTO"]
[null,"DISCRIMINAÇÃO","UNID","QUANT.","PROD","IMPROD","P.UNIT. PROD","P.UNIT. IMPR","P.TOTAL"]
[{"$nulls":8},0]
[null,"SUB-TOTAL",{"$nulls":6},0]
[null,"MATERIAL"]
[null,"DISCRIMINAÇÃO","UNID","QUANT.",null,null,null,"P.UNIT.","P.TOTAL"]
[]
[]
[null,"SUB-TOTAL",{"$nulls":6},0]
[null,"SERVIÇOS - COMPOSIÇÕES AUXILIARES"]
[null,"DISCRIMINAÇÃO","UNID","QUANT.",null,null,null,"P.UNIT.","P.TOTAL"]
[{"$nulls":8},0]
[null,"SUB-TOTAL",{"$nulls":6},0]
[null,"MÃO DE OBRA"]
[null,"DISCRIMINAÇÃO","UNID","QUANT.",null,null,null,"P.UNIT.","P.TOTAL"]
[null,"DESENHISTA DETALHISTA","mês",4,null,null,null,"4.822,42",19289.68]
[null,"Assistente de Engenharia","mês",2,null,null,null,"4.173,16",8346.32]
[null,"ENGENHEIRO CIVIL JUNIOR","mês",3,null,null,null,"13.905,16",41715.480000000003]
[null,"SUB-TOTAL",{"$nulls":6},69351.48]
[]
[null,"PRODUÇÃO DA EQUIPE",1,"CUSTO",{"$nulls":4},69351.48]
[null,"TOTAL - R$",{"$nulls":6},69351.48]
[null,"BDI",0.28199999999999997,{"$nulls":5},19557.12]
[null,"TOTAL DO SERVIÇO - R$",{"$nulls":6},88908.6]

{"sheet":"Levantamento Planialtimetrico","index":2,"n_rows":37,"n_cols":8,"rows_kept":37,"cut":false,"hidden":false,"merged":[[33,1,33,6],[34,1,34,5],[34,6,34,7],[36,1,36,5],[28,1,28,6],[29,1,29,6],[30,3,30,5],[31,1,31,6],[32,1,32,6],[21,1,21,6],[22,1,22,6],[23,1,23,7],[26,1,26,6],[27,1,27,6],[11,1,11,6],[12,1,12,7],[15,1,15,6],[16,1,16,7],[20,1,20,6],[1,1,1,7],[2,1,2,7],[3,1,3,7],[5,1,5,7],[10,1,10,6]]}
[]
[]
[null,"SERVIÇO: Levantamento planialtimétrico de terreno "]
[null,"COMPOSIÇÃO DE PREÇOS - UNIDADE: M²"]
[{"$nulls":6},"Data:","Outubro/2021"]
[null,"MÃO DE OBRA."]
[null,1,"CODIGO","DESCRIÇÃO DOS INSUMOS","UNID.","QUANT.","CUSTOS UNITÁRIO (R$).","CUSTO TOTAL (R$)."]
[null,"1.1",2707,"Coordenador/campo","h",26.4,"89,16",2353.8200000000002]
[null,"1.2",7592,"Topógrafo","h",176,"19,72",3470.72]
[null,"1.3","CODEVASF","Aux. de topografia","h",352,9.81,3453.12]
[]
[null,"Total do Item 1:",{"$nulls":5},9277.66]
[null,"LOCAÇÃO DE VEICULOS."]
[null,2,null,"DESCRIÇÃO DOS INSUMOS","UNID.","QUANT.","CUSTOS UNITÁRIO (R$).","CUSTO TOTAL (R$)."]
[null,"2.1","COMPOSIÇÃO","Veículo 4x4 à fiscalização com seguro, taxas de licenciamento, revisão periódica, manutenção, combustível e pneus.","mês",1,6964.07,6964.07]
[null,"Total do Item 2:",{"$nulls":5},6964.07]
[null,"EQUIPAMENTOS TOPOGRAFICOS."]
[null,3,null,"DESCRIÇÃO DOS INSUMOS","UNID.","QUANT.","CUSTOS UNITÁRIO (R$).","CUSTO TOTAL (R$)."]
[null,"3.1","CODEVASF","Estação total classe 2","mês",1,1000,1000]
[null,"3.2","CODEVASF","Rádio","mês",0.3,338.67,101.6]
[null,"Total do Item 3",{"$nulls":5},1101.5999999999999]
[null,"PREÇO DA EQUIPE 1+2+3/AGUADA",{"$nulls":5},17343.330000000002]
[]
[null,"DESPESAS 01 EQUIPE - DIARIAS E ALIMENTAÇÃO POR AGUADA"]
[null,4,null,"DESCRIÇÃO","UNID.","QUANT.","CUSTOS UNITÁRIO (R$).","CUSTO TOTAL (R$)."]
[null,"4.1","CODEVASF","Diária (Alimentação + Hospedagem)","diaria",15,152,2280]
[null,"Total do item 4",{"$nulls":5},2280]
[]
[null,"PRECO UNITARIO DE 01 (UMA) EQUIPE POR MÊS (22 DIAS) (1+2+3+4)",{"$nulls":5},19623.330000000002]
[]
[null,null,null,"BDI",null,null,0.28199999999999997,5533.78]
[]
[null,"PRECO UNITARIO TOTAL DE 01 (UMA) EQUIPE POR DIA (1+2+3+4)",{"$nulls":5},1143.51]
[]
[null,"PRODUTIVIDADE BARRAGEM/AGUADA = 4.900,00 M²",{"$nulls":4},4900]
[]
[null,"PREÇO DO LEVANTAMENTO PLANIALTIMETRICO POR M²",{"$nulls":5},0.23]

{"sheet":"Poligonal","index":3,"n_rows":36,"n_cols":8,"rows_kept":36,"cut":false,"hidden":false,"merged":[[31,1,31,6],[33,1,33,5],[35,1,35,5],[24,1,24,7],[27,1,27,6],[28,5,28,6],[29,3,29,5],[30,1,30,6],[14,1,14,6],[15,1,15,7],[18,1,18,6],[19,1,19,7],[23,1,23,6],[2,1,2,7],[3,1,3,7],[4,1,4,7],[6,1,6,7],[13,1,13,6]]}
[]
[]
[]
[null,"LEVANTAMENTO PLANIALTIMÉTRICO CADASTRAL"]
[null,"SERVIÇO: Levantamento topográfico planialtimétrico cadastral, incluso eixos, seções transversais, longitudinais, calculo de volumes de terraplenagem e desenhos    - UNIDADE: M²"]
[{"$nulls":6},"Data:","Outubro/2021"]
[null,"MÃO DE OBRA."]
[null,1,"CODIGO","DESCRIÇÃO DOS INSUMOS","UNID.","QUANT.","CUSTOS UNITÁRIO (R$).","CUSTO TOTAL (R$)."]
[null,"1.1",2707,"Coordenador/campo","h",26.4,"89,16",2353.8200000000002]
[null,"1.2",7592,"Topógrafo","h",176,"19,72",3470.72]
[null,"1.3","CODEVASF (contratual)","Aux. de topografia","h",352,9.81,3453.12]
[null,"1.4",2707,"Coordenador de Escritório","h",26.4,"89,16",2353.8200000000002]
[null,"1.5",2355,"Desenhista Detalhista","h",176,"27,55",4848.8]
[{"$nulls":7},16480.28]
[null,"Total do Item 1:",{"$nulls":5},16480.28]
[null,"LOCAÇÃO DE VEICULOS."]
[null,2,null,"DESCRIÇÃO DOS INSUMOS","UNID.","QUANT.","CUSTOS UNITÁRIO (R$).","CUSTO TOTAL (R$)."]
[null,"2.2","COMPOSIÇÃO (contratual)","Veículo 4x4 à fiscalização com seguro, taxas de licenciamento, revisão periódica, manutenção, combustível e pneus.","mês",1,6964.07,6964.07]
[null,"Total do Item 2:",{"$nulls":5},6964.07]
[null,"EQUIPAMENTOS TOPOGRAFICOS."]
[null,3,null,"DESCRIÇÃO DOS INSUMOS","UNID.","QUANT.","CUSTOS UNITÁRIO (R$).","CUSTO TOTAL (R$)."]
[null,"3.1","CODEVASF (contratual)","Estação total classe 2","mês",1,1000,1000]
[null,"3.2","CODEVASF (contratual)","Rádio","mês",0.3,338.67,101.6]
[null,"Total do Item 3",{"$nulls":5},1101.5999999999999]
[null,"DESPESAS 01 EQUIPE - DIARIAS E ALIMENTAÇÃO"]
[null,4,null,"DESCRIÇÃO","UNID.","QUANT.","CUSTOS UNITÁRIO (R$).","CUSTO TOTAL (R$)."]
[null,"4.1","CODEVASF (contratual)","Diária (Alimentação + Hospedagem)","diária",15,152,2280]
[null,"Total do item 4",{"$nulls":5},2280]
[{"$nulls":5},"Total Itens 1, 2, 3 e 4",null,26825.95]
[null,null,null,"BDI",null,null,0.223,5982.19]
[null,"PRECO MENSAL DA EQUIPE (1 mês = 22 dias)",{"$nulls":5},32808.14]
[null,"PRECO UNITARIO DE 01 (UMA) EQUIPE POR DIA",{"$nulls":5},1491.28]
[]
[null,"PRODUTIVIDADE DA EQUIPE ",{"$nulls":4},6000,"m²/dia"]
[]
[null,"PREÇO DO LEVANTAMENTO PLANIALTIMETRICO POR M²",{"$nulls":5},0.25]

{"sheet":"Cronograma","index":4,"n_rows":36,"n_cols":18,"rows_kept":36,"cut":false,"hidden":false,"merged":[[1,1,4,17],[5,1,5,12],[5,13,5,14],[5,15,5,17],[6,1,6,17],[7,1,9,1],[7,2,9,2],[7,3,9,3],[7,4,7,15],[7,16,8,17],[8,4,8,15],[32,1,33,2],[32,3,33,3],[32,16,35,16],[32,17,35,17],[34,1,35,3]]}
[]
[]
[]
[]
[]
[null,"SERVIÇO: EXECUÇÃO DOS SERVIÇOS DE APOIO TÉCNICO E CARACTERIZAÇÃO DE VIAS URBANAS E RURAIS, EM DIVERSOS MUNICÍPIOS INSERIDOS NA ÁREA DE ATUAÇÃO DA 3ª SUPERINTENDÊNCIA REGIONAL DA CODEVASF.",{"$nulls":11},"Valor Total Estimado",null,2939119]
[]
[null,"Item","Descrição dos Serviços","TOTAL (R$)","CRONOGRAMA FÍSICO X FINANCEIRO",{"$nulls":11},"Total Acumulado"]
[{"$nulls":4},"MESES"]
[{"$nulls":4},1,2,3,4,5,6,7,8,9,10,11,12,"R$","%"]
[]
[null,1,"Mobilização",1835.72,1835.72,{"$nulls":11},1835.72,1]
[{"$nulls":4},1]
[]
[null,2,"Administração local",21406.68,1070.33,1070.33,1070.33,2140.67,2140.67,2140.67,2140.67,2140.67,2140.67,2140.67,2140.67,1070.33,21406.68,1]
[{"$nulls":4},0.05,0.05,0.05,0.1,0.1,0.1,0.1,0.1,0.1,0.1,0.1,0.05]
[]
[null,3,"Equipe para Apoio Técnico a Fiscalização de Obras de Pavimentação",1066903.2,53345.16,53345.16,53345.16,106690.32,106690.32,106690.32,106690.32,106690.32,106690.32,106690.32,106690.32,53345.16,1066903.2,1]
[{"$nulls":4},0.05,0.05,0.05,0.1,0.1,0.1,0.1,0.1,0.1,0.1,0.1,0.05]
[]
[null,4,"Fornecimento de veículo 4x4 (diesel)",167137.68,8356.8799999999992,8356.8799999999992,8356.8799999999992,16713.77,16713.77,16713.77,16713.77,16713.77,16713.77,16713.77,16713.77,8356.8799999999992,167137.68,1]
[{"$nulls":4},0.05,0.05,0.05,0.1,0.1,0.1,0.1,0.1,0.1,0.1,0.1,0.05]
[]
[null,5,"Seviços Topográficos, contemplando o Levantamento topográfico planialtimétrico cadastral, incluso eixos, seções transversais, longitudinais, calculo de volumes de terraplenagem, volumes de cortes e aterros, extraídos de levantamento planialtimétrico (por área), e apresentação das pranchas com as seções transversais de corte e aterro, bem como planilha com a memória de cálculo dos volumes.",805000,40250,40250,40250,80500,80500,80500,80500,80500,80500,80500,80500,40250,805000,1]
[{"$nulls":4},0.05,0.05,0.05,0.1,0.1,0.1,0.1,0.1,0.1,0.1,0.1,0.05]
[]
[null,6,"Projeto Geométrico de Vias Urbanas e Rurais",875000,43750,43750,43750,87500,87500,87500,87500,87500,87500,87500,87500,43750,875000,1]
[{"$nulls":4},0.05,0.05,0.05,0.1,0.1,0.1,0.1,0.1,0.1,0.1,0.1,0.05]
[]
[null,7,"Desmobilização",1835.72,{"$nulls":11},1835.72,1835.72,1]
[{"$nulls":15},1]
[]
[null,"TOTAL R$",null,2939119,148608.09,146772.37,146772.37,293544.76,293544.76,293544.76,293544.76,293544.76,293544.76,293544.76,293544.76,148608.09,2939119,1]
[{"$nulls":4},5.0599999999999999E-2,4.99E-2,4.99E-2,9.9900000000000003E-2,9.9900000000000003E-2,9.9900000000000003E-2,9.9900000000000003E-2,9.9900000000000003E-2,9.9900000000000003E-2,9.9900000000000003E-2,9.9900000000000003E-2,5.0599999999999999E-2]
[null,"Total Acumulado",null,null,148608.09,295380.46000000002,442152.83,735697.59,1029242.35,1322787.1100000001,1616331.87,1909876.63,2203421.39,2496966.15,2790510.91,2939119]
[{"$nulls":4},5.0599999999999999E-2,0.10050000000000001,0.15040000000000001,0.25030000000000002,0.35020000000000001,0.4501,0.54990000000000006,0.64980000000000004,0.74970000000000003,0.84960000000000002,0.94940000000000002,1]

{"sheet":"BDI","index":5,"n_rows":35,"n_cols":6,"rows_kept":35,"cut":false,"hidden":false,"merged":[[3,2,3,5],[5,2,5,5]]}
[]
[]
[]
[null,null,"OBRA: REALIZAÇÃO DE LEVANTAMENTOS TOPOGRÁFICOS PARA APOIO À FISCALIZAÇÃO CODEVASF EM OBRAS DE DIVERSOS MUNICIPIOS DE PERNAMBUCO, NA ÁREA DE ATUAÇÃO DA 3ª SUPERINTENDÊNCIA REGIONAL DA CODEVASF."]
[]
[null,null,"DETALHAMENTO DO BDI DESONERADO"]
[]
[null,null,"Item","Descrição dos serviços","Preço de Venda (%)","Custo Direto (%)"]
[]
[null,null,1,"Administração Central (A)",null,4.0099999999999997E-2]
[]
[null,null,2,"Impostos e Taxas (I)",0.1115]
[null,null,"2.1","ISS",0.03]
[null,null,"2.2","PIS",6.4999999999999997E-3]
[null,null,"2.3","Cofins",0.03]
[null,null,"2.4","CPRB",4.4999999999999998E-2]
[null,null,"3","Risco, seguro e garantia (R) ",null,9.5999999999999992E-3]
[null,null,"3.1","Risco",null,4.0000000000000001E-3]
[null,null,"3.2","Seguro + Garantia",null,5.5999999999999999E-3]
[]
[null,null,4,"Despesas Financeiras (DF)",null,1.11E-2]
[]
[null,null,5,"Lucro (L)",null,7.2999999999999995E-2]
[]
[null,null,null,"BDI* (%)",null,0.28199999999999997]
[]
[]
[]
[null,null,null,"BDI (%) - ADOTADO",null,0.28199999999999997]
[]
[null,null,"AC = ","taxa de rateio da Administração Central",null,4.0099999999999997E-2]
[null,null,"I =","taxa de tributos",null,0.1115]
[null,null,"R = ","taxa de risco, seguro e garantia",null,9.5999999999999992E-3]
[null,null,"DF = ","taxa das despesas financeiras",null,1.11E-2]
[null,null,"L = ","taxa de lucro",null,7.2999999999999995E-2]

{"sheet":"Enc Sociais","index":6,"n_rows":43,"n_cols":9,"rows_kept":43,"cut":false,"hidden":false,"merged":[[42,0,42,4],[0,0,1,8],[2,0,3,4],[36,0,36,8],[37,1,37,4],[38,1,38,4],[39,1,39,4],[40,0,40,4],[31,1,31,4],[32,1,32,4],[33,1,33,4],[34,1,34,4],[35,0,35,4],[16,1,16,4],[27,0,27,4],[28,1,28,8],[29,1,29,4],[30,1,30,4],[2,5,2,6],[2,7,2,8],[4,1,4,4],[14,0,14,4],[15,0,15,7]]}
["DETALHAMENTO DOS ENCARGOS SOCIAIS"]
[]
["DISCRIMINAÇÃO",{"$nulls":4},"SEM DESONERAÇÃO",null,"COM DESONERAÇÃO"]
[{"$nulls":5},"HORISTA","MESALISTA","HORISTA","MESALISTA"]
["A","GRUPO A"]
["A1","INSS",null,null,null,0.2,0.2,"0,00%","0,00%"]
["A2","Sesi",null,null,null,1.4999999999999999E-2,1.4999999999999999E-2,1.4999999999999999E-2,1.4999999999999999E-2]
["A3","Senai",null,null,null,0.01,0.01,0.01,0.01]
["A4","Incra",null,null,null,2E-3,2E-3,2E-3,2E-3]
["A5","Sebrae",null,null,null,6.0000000000000001E-3,6.0000000000000001E-3,6.0000000000000001E-3,6.0000000000000001E-3]
["A6","Salário Educação ",null,null,null,2.5000000000000001E-2,2.5000000000000001E-2,2.5000000000000001E-2,2.5000000000000001E-2]
["A7","Seguro Contra Acidente de Trabalho",null,null,null,0.03,0.03,0.03,0.03]
["A8","FGTS",null,null,null,0.08,0.08,0.08,0.08]
["A9","Seconci",null,null,null,"0,00%","0,00%","0,00%","0,00%"]
["SUBTOTAL DE \"A\"",{"$nulls":4},0.36799999999999999,0.36799999999999999,0.16800000000000001,0.16800000000000001]
[]
["B","GRUPO B"]
["B1","Repouso Semanal Remunerado",null,null,null,0.18060000000000001,"NÃO INCIDE",0.18060000000000001,"NÃO INCIDE"]
["B2","Feriados",null,null,null,4.3299999999999998E-2,"NÃO INCIDE",4.3299999999999998E-2,"NÃO INCIDE"]
["B3","Auxílio - Enfermidade",null,null,null,8.8000000000000005E-3,6.7000000000000002E-3,8.8000000000000005E-3,6.7000000000000002E-3]
["B4","13º Salário",null,null,null,0.1087,8.3299999999999999E-2,0.1087,8.3299999999999999E-2]
["B5","Licença Paternidade",null,null,null,6.9999999999999999E-4,5.9999999999999995E-4,6.9999999999999999E-4,5.9999999999999995E-4]
["B6","Faltas Justificadas",null,null,null,7.1999999999999998E-3,5.5999999999999999E-3,7.1999999999999998E-3,5.5999999999999999E-3]
["B7","Dias de Chuvas",null,null,null,2.1899999999999999E-2,"NÃO INCIDE",2.1899999999999999E-2,"NÃO INCIDE"]
["B8","Auxílio Acidente de Trabalho",null,null,null,1.1000000000000001E-3,8.0000000000000004E-4,1.1000000000000001E-3,8.0000000000000004E-4]
["B9","Férias Gozadas",null,null,null,7.9600000000000004E-2,6.0999999999999999E-2,7.9600000000000004E-2,6.0999999999999999E-2]
["B10","Salário Maternidade",null,null,null,2.9999999999999997E-4,2.9999999999999997E-4,2.9999999999999997E-4,2.9999999999999997E-4]
["SUBTOTAL DE  \"B\"",{"$nulls":4},0.45219999999999999,0.1583,0.45219999999999999,0.1583]
[]
["C","GRUPO C"]
["C1","Aviso Prévio Indenizado",null,null,null,4.7300000000000002E-2,3.6299999999999999E-2,4.7300000000000002E-2,3.6299999999999999E-2]
["C2","Aviso Prévio Trabalhado",null,null,null,1.1000000000000001E-3,8.9999999999999998E-4,1.1000000000000001E-3,8.9999999999999998E-4]
["C3","Férias Indenizadas",null,null,null,5.3100000000000001E-2,4.07E-2,5.3100000000000001E-2,4.07E-2]
["C4","Depósito Recisão Sem Justa Causa",null,null,null,3.7600000000000001E-2,2.8799999999999999E-2,3.7600000000000001E-2,2.8799999999999999E-2]
["C5","Indenização Adicional",null,null,null,4.0000000000000001E-3,3.0999999999999999E-3,4.0000000000000001E-3,3.0999999999999999E-3]
["SUBTOTAL DE \"C\"",{"$nulls":4},0.1431,0.10979999999999999,0.1431,0.10979999999999999]
[]
["D","GRUPO D"]
["D1","Reincidência de Grupo A sobre Grupo B",null,null,null,0.16639999999999999,5.8299999999999998E-2,7.5999999999999998E-2,2.6599999999999999E-2]
["D2","Reincidência de Grupo A sobre Aviso Prévio Trabalhado e Reincidência do FGTS sobre Aviso Prévio Indenizado",null,null,null,4.1999999999999997E-3,3.2000000000000002E-3,4.0000000000000001E-3,3.0999999999999999E-3]
["SUBTOTAL DE \"D\"",{"$nulls":4},0.1706,6.1499999999999999E-2,0.08,2.9700000000000001E-2]
[]
["TOTAIS DE ENCARGOS SOCIAIS",{"$nulls":4},1.1338999999999999,0.6976,0.84330000000000005,0.46579999999999999]

{"sheet":"CPU VEICULO","index":7,"n_rows":45,"n_cols":4,"rows_kept":45,"cut":false,"hidden":false,"merged":[[1,1,1,3],[2,1,2,3],[3,1,3,3]]}
[]
[null,"CODEVASF - 1.4"]
[null,"APOIO A FISCALIZAÇÃO DE OBRAS DA 3º SUPERINTENDENCIA REGIONAL."]
[null,"SUV Compacta - 4x4, diesel, Aut. / Pick Up cabine dupla  - 4x4, diesel, Aut."]
[null,"A","Depreciação mensal do equipamento"]
[null,"A1","Preço de Aquisição ",137328]
[null,"A2","Tempo previsto de vida útil (meses)",48]
[null,"A3","Previsão de recup. Na venda do bem usado",0.4]
[null,"A4","Custo mensal [A1-(A3xA1)]/A2",1716.6]
[null,"B","Juros pelo Capital empregado"]
[null,"B1","Taxa mensal de Juros ",0.05]
[null,"B2","Juros s/depreciação/aluguel (B1xA4)",85.83]
[null,"C","Conservação e manutenção "]
[null,"C1","Taxa de gastos s/a deprec. Inc. seguros (%)",1]
[null,"C2","Incidência mensal (C1xA4)",1716.6]
[null,"D","Combustível"]
[null,"D1","Média mensal de quilômetro por veículo",3600]
[null,"D2","Preço do litro de combustível","4,76"]
[null,"D3","Quilômetros rodados com um litro combustivel",12]
[null,"D4","Combustivel    (D1/D3)*D2",1428]
[null,"E","Lubrificantes"]
[null,"E1","Quilometragem do Contrato ",43200]
[null,"E2","Franquia por troca de óleo (km)",5000]
[null,"E3","Preço do litro de óleo","36,45"]
[null,"E4","Quantidade de litros de óleo por troca",3.5]
[null,"E5","Quantidade de dias do Contrato",365]
[null,"E6","Lubrificantes  E = (E1*E3*E4*30)/E2*E5",90.6]
[null,"F","Pneus"]
[null,"F1","Quilometragem do Contrato ",43200]
[null,"F2","Vida do Pneu em quilômetros",30000]
[null,"F3","Quantidade de pneus",5]
[null,"F4","Preço do Pneu",666.74]
[null,"F5","Quantidade de dias do contrato ",365]
[null,"F6","Pneus = (F1*F3*F4*30)/(F2*F5)",394.56]
[null,"G","Motorista"]
[null,"G1","Salário com encargos sociais","3.851,78"]
[null,"H","Custo Mensal"," "]
[null,null,"Sem Motorista",5432.19]
[null,null,"Com Motorista",9283.9699999999993]
[null,"I","Custo Direto p/ km Rodado"]
[null,null,"Sem Motorista",1.51]
[null,null,"Com Motorista",2.58]
[null,"J","Preço cobrado c/BDI"," "]
[null,"J1","Sem Motorista",6964.07]
[null,"J2","Com Motorista",11902.05]

{"sheet":"INSUMOS","index":8,"n_rows":27,"n_cols":6,"rows_kept":27,"cut":false,"hidden":false,"merged":[[6,1,6,5],[1,1,4,5]]}
[]
[null,"\n"]
[]
[]
[]
[null,null,"Data Base Utilizada para Insumos: SINAPI Agosto/2021 Não Desonerado; ORSE  Agosto/2021; Cotações e COMPRASNET.","BDI =",0.28199999999999997]
[null,"COMPONENTE GERAL"]
[null,"ITEM","DESCRIÇÃO","UNID.","VR.UNIT.","FORNECEDOR"]
[null,"COTAÇÃO 1","Passagem de ônibus de Petrolina para cidade de origem (Recife).","unid.",178.99,"COTAÇÃO"]
[null,"COTAÇÃO 2","Aluguel de Sala para escritório","mês",500,"COTAÇÃO"]
[null,2705,"Energia elétrica","kwh","1,02","SINAPI"]
[null,"10557/ORSE","Telefone - dispendio mensal","unid.",154.99,"ORSE"]
[null,"10558/ORSE","Internet - dispendio mensal","mês",89,"ORSE"]
[null,"10562/ORSE","Material de consumo desenho e escritório","mês",30,"ORSE"]
[null,"10563/ORSE","Material de Limpeza","mês",104.21,"ORSE"]
[null,40812,"Auxiliar de Escritorio","mês","2.531,43","SINAPI"]
[null,40805,"DESENHISTA DETALHISTA","mês","4.822,42","SINAPI"]
[null,40936,"ENGENHEIRO CIVIL JUNIOR (MENSALISTA)                                                                                                                                                                                                                                                                                                                                                                                                                                                                      ","mês","13.905,16","SINAPI"]
[null,40931,"Assistente de Engenharia","mês","4.173,16","SINAPI"]
[null,2707,"Coordenador/campo (PLENO)","h","89,16","SINAPI"]
[null,7592,"Topógrafo","h","19,72","SINAPI"]
[null,"COMPOSIÇÃO","Veículo 4x4 à fiscalização com seguro, taxas de licenciamento, revisão periódica, manutenção, combustível e pneus.","mês",6964.07,"CODEVASF"]
[null,"TABELA CODEVASF","Estação total classe 2","mês",1000,"TABELA CODEVASF"]
[null,"TABELA CODEVASF","Rádio","mês",338.67,"TABELA CODEVASF"]
[null,"TABELA CODEVASF","DIÁRIA (ALIMENTAÇÃO + HOSPEDAGEM)","diaria",152,"TABELA CODEVASF"]
[null,"TABELA CODEVASF","Aux. de topografia","mês",1726.56,"CODEVASF"]
[null,"TABELA CODEVASF","Aux. de topografia","h",9.81,"CODEVASF"]